| 000 | 00977nam a22001817a 4500 | ||
|---|---|---|---|
| 999 |
_c58894 _d58894 |
||
| 003 | Ge_BSU | ||
| 005 | 20221017121650.0 | ||
| 008 | 221017s2003 ge ||||| |||| 00| 0 geo d | ||
| 041 | _ageo | ||
| 080 | _a159.922.7 უ-28 | ||
| 100 |
_aუზნაძე, დიმიტრი _9746 |
||
| 245 |
_aბავშვის ფსიქოლოგია. სასკოლო ასაკის ფსიქოლოგია / _cდიმიტრი უზნაძე ; [სარედ. კოლ.: შოთა ნადირაშვილი და სხვ.] ; საქ. მეცნ. აკად., ფსიქოლოგიის ინ-ტი. |
||
| 264 |
_aთბილისი : _bდიმიტრი შიშნიაშვილი, _c2003. |
||
| 300 |
_a608 გვ. ; _b20 სმ. |
||
| 653 | _aბავშვის ფსიქოლოგია | ||
| 653 | _aსასკოლო ასაკის ფსიქოლოგია | ||
| 942 |
_2udc _cBK |
||